000 00675cam a2200253 4500
008 090401t1993 xxu||||| |||| 00| 0 eng d
020 _a0582215854
035 _a(Sirsi) u50341
041 _aeng
050 _a690.026
100 _aO`Reilly, Michael Patrick
245 _aPrinciples of construction law.
260 _aHarlow, Essex
_bLongman Scientific & Technical
_c1993
300 _axxiii,300p. ; 24cm.
350 _a40
650 _aBUILT ENVIRONMENT-BUILDING CONTRACT FORMS
650 _aBUILDING INDUSTRY
650 _aCONSTRUCTION LAW
650 _aNEGLIGENCE
650 _aTORT
690 _aBUILT ENVIRONMENT
942 _n0
948 _c04/03/1997
999 _c92694
_d92694